[Medzihradský, Pavol]

Zobrazenie: Podobizeň Pavla Medzihradského, finančného riaditeľa v Skalici, syna Adolfa Medzihradského z 25.8.1917.

Bibliographic Details
Corporate Author: Atelier Sladký (Hodonín, Česko) (Author)
Format: Photo
Language:Czech
German
Published: [S.l. s.n.] [1917]
Subjects:

MARC

LEADER 00000nkmaa2200000 a 4500
001 vtls011968831
003 SK-MaSNL
005 20260301053204.0
007 kh bo
008 230802e1917 xr | |||0 k|cze
035 |a urn:nbn:sk:snk-km00ejda 
035 |a urn:nbn:sk:snk-km45w4j 
035 |a 3B98CDFF-7C09-402D-A0EA-B3602C77FF91 
040 |a SNKLA  |b slo  |c SNKLA  |e AACR2 
041 0 |a cze  |a ger 
044 |a xr  |c CZ 
110 2 |a Atelier Sladký (Hodonín, Česko)  |4 aut  |9 200095 
245 1 0 |a [Medzihradský, Pavol]  |h grafika 
260 |a [S.l.  |b s.n.]  |c [1917] 
300 |a 1 fotografia  |b čeirnobiela  |c 11 x 7 cm 
520 2 |a Zobrazenie: Podobizeň Pavla Medzihradského, finančného riaditeľa v Skalici, syna Adolfa Medzihradského z 25.8.1917. 
600 1 7 |a Medzihradský, Pavol  |2 SNKMA  |9 363246 
655 7 |a portrétne fotografie  |2 SNKPH  |9 305796 
852 |a Slovenská národná knižnica  |b Literárny archív 
852 7 |a Slovenská národná knižnica v Martine  |b Literárny archív 
958 |a ZO 
958 |a BLA 
999 |c 607721  |d 609651 
952 |a SNKLA  |b SNKLA  |c SNKLA_DEP  |y NEVYP  |7 0  |p 17A1310976  |o snkSM 160/6  |i snkLA 2463/1959  |0 0  |1 0  |4 0  |d 2020-05-25  |f 1  |l 0  |r 2026-02-23 16:13:51  |w 2026-02-23